Seconda Declinazione latina - Statistics

Statistiche generali
  • Questo quiz è stato fatto 37 volte
  • Il punteggio medio è 10 su 12
Statistiche sulle risposte
Caso Singolare % Corretto
Genitivo Amīcī
100%
Nominativo Amīcŭs
100%
Accusativo Amīcŭm
94%
Dativo Amīcō
88%
Nominativo Amīcī
85%
Ablativo Amīcō
85%
Vocativo Amīcĕ
79%
Dativo Amīcīs
79%
Genitivo Amīcōrum
76%
Vocativo Amīcī
73%
Accusativo Amīcōs
70%
Ablativo Amīcīs
67%
Nessun quiz corrispondente trovato
Distribuzione punteggi
Percentuale di utenti per punteggio
Percentile per numero di risposta
I tuoi punteggi nel tempo
Non hai fatto questo quiz